000 00364nam a2200133Ia 4500
008 220217s9999||||xx |||||||||||||| ||und||
020 _a81-8355-030-4
082 _a004.01 GKP
100 _aGK publications
245 0 _aGATE - 2007 Information technology
260 _aGK publications
_bNoida
_c2007
300 _b540
650 _aINFORMATION SCIENCE
_91300
999 _c176187
_d176187